000 00298nam a2200121Ia 4500
008 231106s2020 xx 000 0 und d
041 _aeng
082 _a751.422
100 _aANNA MASONS
245 _aDICTIONARY OF GRAPHIC DESIGN AND DESIGNERS
260 _bSEARCH PRESS
_c2020
300 _aP-144
999 _c920210
_d920210